The Penultimate Lyric of Every EPIC: The Musical Song - Statistics

General Stats
  • This quiz has been taken 21 times
    20 since last reset
  • The average score is 10 of 40
Answer Stats
Hint Answer % Correct
No Longer You Longer
71%
Ruthlessness Remember
71%
Keep Your Friends Close I (12)
57%
Thunder Bringer Be
43%
Dangerous Good (32)
43%
God Games Him
43%
Puppeteer Puppeteer (14)
43%
Hold Them Down Soul
43%
Monster The (20)
43%
Survive Die
29%
Suffering For (21)
29%
I Can't Help But Wonder For (39)
29%
Remember Them Infamous
29%
The Horse and the Infant Is
29%
Not Sorry For Loving You Me
29%
Six Hundred Strike My (35)
29%
Storm The (10)
29%
The Challenge Waiting
29%
Polyphemus Watch
29%
Just a Man A
14%
Scylla And
14%
Warrior of the Mind Disappoint
14%
Wouldn't You Like Good (15)
14%
Done For I (16)
14%
Legendary I'll
14%
We'll Be Fine Kid
14%
Would You Fall in Love With Me Again Love
14%
Little Wolf My (27)
14%
Love in Paradise My (29)
14%
Open Arms My (4)
14%
My Goodbye My (9)
14%
Charybdis No...
14%
Odysseus Odysseus
14%
There Are Other Ways Puppeteer (17)
14%
Full Speed Ahead Speed
14%
Luck Runs Out Thank
14%
The Underworld The (18)
14%
Mutiny Too
14%
Different Beast All
0%
Get in the Water Ourselves
0%
No matching quizzes found
Score Distribution
Percent of People with Each Score
Percentile by Number Answered
Your Score History
You have not taken this quiz since the last reset